[Event "AUTO-ADV-210"]
[Site "http://www.queenalice.com/game.php?id=88066"]
[Date "2006.7.21"]
[Round "1"]
[White "JAVA"]
[Black "mcsouza"]
[Result "1-0"]
[WhiteElo "1560"]
[BlackElo "1384"]

1. e4 Nf6 2. Bc4 Nc6 3. d3 e6 4. Bg5 Bb4+ 5. c3 Qe7 6. Bxf6 Qxf6 7. cxb4 Qxb2 8.
Nd2 Qxb4 9. Rb1 Qc5 10. Ngf3 Qa5 11. O-O d5 12. Rb5 Qa6 13. Rxd5 Qa3 14. Nb1
exd5 15. Nxa3 Nb4 16. Bxd5 Nxa2 17. Qb3 O-O 18. Qxa2 c6 19. Bb3 b5 20. Ne5 Ba6
21. Bxf7+ Kh8 22. Be6 1-0

[Event "AUTO-ADV-210"]
[Site "http://www.queenalice.com/game.php?id=88067"]
[Date "2006.7.21"]
[Round "1"]
[White "mcsouza"]
[Black "JAVA"]
[Result "0-1"]
[WhiteElo "1394"]
[BlackElo "1550"]

1. e3 e5 2. Bc4 Bc5 3. Qh5 Qf6 4. Nf3 d6 5. Bb5+ c6 6. Bc4 g6 7. Qg5 Qxg5 8.
Nxg5 d5 9. Be2 Bf5 10. g4 Bxc2 11. Nc3 d4 12. exd4 exd4 13. Bd1 Bxd1 14. Kxd1
dxc3 15. dxc3 Ne7 16. b4 Bb6 17. h4 f6 18. h5 fxg5 19. hxg6 Nxg6 20. Re1+ Ne7
21. Bxg5 Bd8 22. Kc2 Nd7 0-1

[Event "AUTO-OPEN-333"]
[Site "http://www.queenalice.com/game.php?id=88096"]
[Date "2006.7.21"]
[Round "1"]
[White "Vini"]
[Black "mcsouza"]
[Result "1-0"]
[WhiteElo "1653"]
[BlackElo "1375"]

1. e4 Nf6 2. Nc3 d6 3. Nf3 b6 4. Bb5+ c6 5. Be2 Bg4 6. O-O d5 7. exd5 cxd5 8. h3
Bf5 9. d3 e6 10. Bg5 b5 11. Nxb5 a6 12. Bxf6 Qxf6 13. Nc7+ Kd7 14. Nxa8 Qg5 15.
Nxg5 Bc5 16. Nxf7 Rf8 17. Ne5+ Kd6 18. Ng4 a5 19. d4 1-0

[Event "Let's Play Chess!"]
[Site "http://www.queenalice.com/game.php?id=218009"]
[Date "2007.5.29"]
[Round "-"]
[White "mcsouza"]
[Black "CampbellMarcel"]
[Result "0-1"]
[WhiteElo "1418"]
[BlackElo "1651"]

1. e3 c5 2. Qf3 Nc6 3. Bc4 Ne5 4. Qd5 Nxc4 5. Qxc4 b6 6. h4 d5 7. Qa4+ Bd7 8.
Qf4 Nf6 9. h5 e6 10. h6 g6 11. b3 Nh5 12. Qg4 f5 13. Qf3 Bc6 14. Rxh5 gxh5 15.
Qxh5+ Kd7 16. c4 Qf6 17. Nc3 Bxh6 18. e4 fxe4 19. a4 Raf8 20. a5 Qxf2+ 21. Kd1
Qxg1+ 22. Kc2 Bg7 23. Qd1 Rf1 24. Qe2 Bxc3 25. Qg4 Rhf8 26. dxc3 R8f2+ 27. Bd2
Rxd2+ 28. Kxd2 Rf2+ 29. Qe2 Qxg2 30. Qxf2 Qxf2+ 31. Kc1 e3 32. Kb1 e2 33. Ka2
e1=Q+ 34. Ka3 Qxa1# 0-1

[Event "AUTO-OPEN-686"]
[Site "http://www.queenalice.com/game.php?id=220826"]
[Date "2007.6.5"]
[Round "1"]
[White "Archer"]
[Black "mcsouza"]
[Result "0-1"]
[WhiteElo "1465"]
[BlackElo "1430"]

1. e4 e6 2. d4 Bb4+ 3. c3 Bd6 4. e5 Be7 5. f4 Bh4+ 6. g3 Be7 7. Nd2 g5 8. Ndf3
g4 9. Nd2 Nh6 10. Ne4 d5 11. Nf2 c5 12. Be3 c4 13. Nxg4 Nf5 14. Qf3 Qb6 15. Bh3
Qxb2 16. Qd1 Qxc3+ 17. Bd2 Qxd4 18. Qa4+ Nc6 0-1

[Event "AUTO-OPEN-686"]
[Site "http://www.queenalice.com/game.php?id=220827"]
[Date "2007.6.5"]
[Round "1"]
[White "mcsouza"]
[Black "Archer"]
[Result "1-0"]
[WhiteElo "1411"]
[BlackElo "1484"]

1. e4 e5 2. Qh5 Nf6 3. Qxe5+ Be7 4. Qb5 O-O 5. e5 c6 6. Qd3 Nd5 7. b3 Qa5 8. Qe4
f5 9. Qa4 Qxa4 10. bxa4 Kh8 11. Nh3 d6 12. exd6 Bxd6 13. Ng5 Re8+ 14. Be2 Bf4
15. Nf7+ Kg8 16. O-O Rxe2 17. Nd8 Na6 18. Na3 1-0

[Event "AUTO-OPEN-686"]
[Site "http://www.queenalice.com/game.php?id=220846"]
[Date "2007.6.5"]
[Round "1"]
[White "mcsouza"]
[Black "bruno_borges"]
[Result "0-1"]
[WhiteElo "1447"]
[BlackElo "1941"]

1. e4 e5 2. Nf3 Nc6 3. Bb5 a6 4. Ba4 Nf6 5. O-O Nxe4 6. d4 b5 7. Bb3 d5 8. dxe5
Be6 9. c3 Be7 10. Re1 Nc5 11. Bc2 O-O 12. Nbd2 Bg4 13. Nf1 Re8 14. Ne3 Nxe5 15.
Qxd5 Qxd5 16. Nxd5 Nxf3+ 17. gxf3 Bxf3 0-1

[Event "AUTO-OPEN-686"]
[Site "http://www.queenalice.com/game.php?id=220847"]
[Date "2007.6.5"]
[Round "1"]
[White "bruno_borges"]
[Black "mcsouza"]
[Result "1-0"]
[WhiteElo "1990"]
[BlackElo "1445"]

1. e4 e5 2. Nf3 Nc6 3. Bb5 a6 4. Ba4 Nf6 5. O-O Nxe4 6. d4 b5 7. Bb3 d5 8. dxe5
Be6 9. c3 Be7 10. Re1 Nc5 11. Bc2 O-O 12. Nbd2 Bg4 13. Nf1 Re8 14. Ne3 Nxe5 15.
Qxd5 Qxd5 16. Nxd5 Nxf3+ 17. gxf3 Bxf3 18. Nxe7+ Kf8 19. Be3 1-0